| 000 | nam a22 7a 4500 | ||
|---|---|---|---|
| 999 |
_c328507 _d328507 |
||
| 003 | Nust | ||
| 005 | 20170410131619.0 | ||
| 008 | 170410b xxu||||| |||| 00| 0 eng d | ||
| 040 | _cDLC | ||
| 082 | _a 823.914 FOR | ||
| 100 | _aForsyth, Frederick | ||
| 245 | _aAvenger / | ||
| 260 |
_anew York : _bThomas Dunne Books, |
||
| 300 | _a370p. : | ||
| 942 |
_2ddc _cBK |
||